MDQL
is popping MORE tags! Check the
thread
!
Quizzes
Events
Quiz Creation
Community
Videos
Private Events
Remove Ads
Sign In
Join for FREE
Feedback
Dark Mode
Quiz Categories
Sports
Geography
Music
Movies
Television
Just For Fun
Miscellaneous
History
Literature
Language
Science
Gaming
Entertainment
Religion
Holiday
For Kids
Quiz Lab
Recent
Popular Today
Quiz Kudos Today
Editor Picks
Curator Picks
Quizzes by...
Day
Popularity
Type
Ratings
Length
Year
Community
Subscriptions
Recent Discussions
Orange Saloon
Badges
Playlists
Quests
Create
Leaderboards
Showdown
Live 5
Trivia Bingo
Activity
Puzzle Library
Sporcle Events
Private Events
Virtual Trivia
Globe League
Become a Host
Pub Owners
SporcleCon
Opinionation
Our Games
Videos
Blog
Mobile Apps
Partnerships
Remove Ads and Go Orange
Feedback
Entertainment
Celebrity
Famous
Musical
Broadway
Show
Quote
Comic Books
Anime
Superhero
DC Comics
Marvel
Cartoons
Animation
Entertainment
Celebrity
Famous
Musical
Broadway
Show
Quote
Comic Books
Anime
Superhero
DC Comics
Marvel
Cartoons
Animation
Random Quiz
Search Sporcle
×
Quiz Lab
Quiz Lab
Entertainment
Broadway
Type in answers that appear in a list
Type in answers that appear in a list
Classic
Best Score? Go Orange.
A Cautionary Tale Lyrics Stats
Can you name the lyrics to A Cautionary Tale?
By
readerpaige
10m
107 Questions
201 Plays
201 Plays
201 Plays
Comments
Comments
Give Quiz Kudos
Give Quiz Kudos
-
- Ratings
hide this ad
Replay
Link that replays current quiz
Next Quiz
Link to next quiz in quiz playlist
You Got
0%
They Got
Avg Score
89%
Avg Friend Score
Upgrade to see
Score Distribution
Jump to the score distribution portion of the page
Score
0/107
Timer
10:00
0
Plays Today
Answer
% Correct
cautionary
98.5%
cautionary
98.5%
cautionary
98.5%
a
98%
tale
98%
and
98%
and
98%
and
98%
And
98%
a
98%
tale
98%
and
98%
And
98%
a
98%
the
98%
a
98%
tale
98%
the
98%
it
97.5%
It's
96.5%
its
96.5%
No
96%
No
96%
on
95%
where
95%
is
95%
is
95%
is
95%
is
95%
died
94.5%
one
94.5%
died
94.5%
people
94%
be
94%
actual
93%
based
92.5%
Answer
% Correct
events
92.5%
you
92.5%
you
92.5%
you
92.5%
you
92.5%
you
92.5%
this
92.5%
you
92.5%
this
92.5%
You
92.5%
This
92.5%
to
92%
far
91.5%
popular
91.5%
not
91.5%
far
91.5%
not
91.5%
would
91%
go
91%
Would
91%
would
91%
lust
90.5%
pride
90.5%
how
90.5%
of
90%
But
90%
hot
90%
mean
89.1%
mean
89.1%
mean
89.1%
what
88.6%
fear
88.1%
are
88.1%
than
88.1%
can
88.1%
in
88.1%
Answer
% Correct
nice
87.6%
easier
87.1%
think
87.1%
bus
87.1%
hit
86.6%
by
86.6%
take
85.1%
make
85.1%
twice
85.1%
getting
85.1%
will
84.6%
resist
84.1%
Just
84.1%
temptation
83.6%
for
83.6%
admit
83.1%
Africa
83.1%
Africa!
83.1%
at
82.6%
mall
82.6%
sale
82.6%
Sometimes
82.1%
maybe
82.1%
story
82.1%
buy
81.6%
cant
81.1%
begins
81.1%
integrity
79.1%
Our
79.1%
though
78.6%
betrayal
76.6%
about
75.6%
across
71.6%
corruption
70.6%
globe
70.1%
Quiz Playlist
Details
Report
Send in Message
Add To Playlist
Classic:
Type in answers that appear in a list
Last Updated: May 27, 2018
Quiz Scoreboard
CHALLENGE
Sign Up to Join the Scoreboard
Show All
Scores
Hide
Comments
May contain spoilers
Recently Published
Colored Red Africa Blitz
by spor1
Geography
30s
Find the 'City' Movie
by crazypaving
Movies
60s
5x2 Blitz: Bands
by SL_Kpop136
Music
30s
More to Explore
Quiz From the Vault
Featured Blog Post
14 Easter Pick-up Lines to Find Eggs With
hide this ad
You Might Also Like...
Tags
Broadway Quiz
Musical Quiz
Broadway Lyrics
Broadway Musicals
Mean Girls
Musical Songs
On Broadway
Today's Top Quizzes in Entertainment
Browse Entertainment
hide this ad
Today's Top Quizzes in Broadway
Browse Broadway
Top Contributed Quizzes in Entertainment
1
Dragon Ball Z: Goku's Fights in Order
2
Marvel Classic Character Map
3
Marvel Characters Bunker
4
BOYS PLANET Quiz
5
Celebrity Spelling Bee
6
This is Your Life: Edward Elric
7
Survivor Winners Logic Quiz
8
This is Your Life: Itachi Uchiha
9
Dragon Ball Z: Immortal Characters
10
One Piece Heroines Chapter Cover
Explore More
Trending Topics
NBA
Harry Potter
Anime
Crossword
Kpop
Marvel
Disney
WWE
Song
Soccer
NFL
Pokémon
Country
Puzzle
The Office
hide this ad
More By:
readerpaige
Quiz
Plays
Rating
Category
Featured
Created
A Cautionary Tale Lyrics
201
Entertainment
May 27, 2018
We Dance Lyrics (Once on this Island) Part 1
124
1.00
Entertainment
Jan 5, 2018
2019 Broadway Musicals
85
Entertainment
Feb 15, 2020
Who I Was Lyrics (Bandstand)
84
Music
Jul 31, 2017
2017-2018 Broadway Season
67
3.00
Entertainment
Jun 3, 2018
Go to Creator's Profile
Score Distribution
Quiz Creator Spotlight
readerpaige
Follow
Send a Message
Quizzes Created
-
Created Quiz Play Count
-
More By This Creator
Popular Quizzes Today
1
Colored Red Africa Blitz
2
Find the 'City' Movie
3
Find the US States - No Outlines Minefield
4
5x2 Blitz: Bands
5
The Countries of the World
6
Find the US States
7
US States
8
9x9 Crossword: Cartoon Network
More Entertainment Quizzes
Bingo: Entertainment Grab Bag
Editor's Pick
Trending Quizzes
Colored Red Europe Blitz I
Colored Red Europe Blitz II
Colored Red Africa Blitz II
Colored Red Africa Blitz III
Colored Red Europe Blitz III
Recently Updated
Grab Bag: 4-10 Letters
pecheneg
2024 March Madness Bracket
pecheneg
Famous TV Couples
Peacemaker
Champions League XIs: Real Madrid
pecheneg
Largest US Cities 1790-2010
pecheneg
Rides in Walt Disney World
pecheneg
Most Oscar Losses (Acting)
pecheneg
Beyoncé Albums
pecheneg
Leaping Animals
pecheneg
Reality TV Shows (A-Z)
bhenderson79
Trending Topics
Kpop
Disney
NBA
Crossword
Marvel
Anime
Harry Potter
Soccer
The Office
Song
Puzzle
Pokémon
WWE
NFL
Country
Your Account Isn't Verified!
In order to create a playlist on Sporcle, you need to verify the email address you used during registration. Go to your
Sporcle Settings
to finish the process.
Report this User
Report this user for behavior that violates our
Community Guidelines
.
Details:
Send Report
Go to the Sporcle.com Mobile Site →
Comments